[Event "Lisbon Christmas op"]
[Site "Lisbon"]
[Date "2014.12.27"]
[Round "3"]
[White "Crespo Queiruga, Augusto"]
[Black "Avelino, Camila Biscaya"]
[Result "0-1"]
[WhiteElo "1641"]
[BlackElo "1399"]
[PlyCount "42"]
[EventDate "2014.12.26"]
[EventType "swiss"]
[EventRounds "9"]
[EventCountry "POR"]
[SourceTitle "EXT 2018"]
[Source "ChessBase"]
[SourceDate "2017.10.13"]
[SourceVersion "1"]
[SourceVersionDate "2017.10.13"]
[SourceQuality "1"]

1. d4 d5 2. Nf3 Nf6 3. e3 c6 4. Bd3 e6 5. Ne5 Bd6 6. 0-0 Nbd7 7. f4 0-0 8. Nd2 Re8 9. Qf3 c5 10. c3 b6 11. g4 h6 12. g5 hxg5 13. fxg5 Bxe5 14. gxf6 Bxf6 15. e4 cxd4 16. cxd4 Bxd4+ 17. Kh1 Qe7 18. Nb3 Bf6 19. exd5 Ne5 20. d6 Qb7 21. d7 Qxd7 0-1

[Event "Lisbon Christmas op"]
[Site "Lisbon"]
[Date "2014.12.27"]
[Round "2"]
[White "Ferreira, Paulo1111"]
[Black "Crespo Queiruga, Augusto"]
[Result "1-0"]
[WhiteElo "2064"]
[BlackElo "1641"]
[PlyCount "49"]
[EventDate "2014.12.26"]
[EventType "swiss"]
[EventRounds "9"]
[EventCountry "POR"]
[SourceTitle "EXT 2018"]
[Source "ChessBase"]
[SourceDate "2017.10.13"]
[SourceVersion "1"]
[SourceVersionDate "2017.10.13"]
[SourceQuality "1"]

1. d4 f5 2. c3 d5 3. Nf3 Nf6 4. Bf4 e6 5. Qa4+ Bd7 6. Qb3 b5 7. Ne5 Nh5 8. e3 g5 9. Be2 Ng7 10. Bg3 c6 11. a4 Qa5 12. h4 g4 13. h5 h6 14. f3 Na6 15. Nxd7 Kxd7 16. fxg4 b4 17. Be5 Rg8 18. g5 Ne8 19. g6 Nd6 20. Nd2 bxc3 21. bxc3 Rb8 22. Qc2 Rb7 23. Nb3 Qb6 24. Rb1 Ke7 25. 0-0 1-0